000 01137cam a22002891i 4500
003 SA-RiAUC
005 20250321112445.0
008 250319s1983 su g 000 e ara c
040 _aQA-DoQUL
_bara
_cSA-RiAUC
_erda
082 0 4 _a814.9531
_qSA-RiAUC
090 _a814.9531
_bب ا س
100 1 _aباسلامة، عبد الله حسين،
_d1358 هجري-
_eمؤلف.
245 1 0 _aحكاية جيلين /
_cعبد الله حسين باسلامة.
250 _aالطبعة الأولى.
264 1 _aجدة، السعودية :
_bتهامة،
_c1983
300 _a112، 10 صفحة ؛
_c24 سم.
336 _aنص
_btxt
_2rdacontent
_3كتاب
337 _aبدون وسيط
_bn
_2rdamedia
338 _aمجلد
_bnc
_2rdacarrier
490 1 _aالكتاب العربي السعودي ؛
_v95
500 _aختم هدية من مكتبات تهامة
590 _aحمد.
650 7 _aالأدب العربي
_zالسعودية
_yقرن 14 هجري
_vمقالات ومحاضرات
_2aucsh
830 2 _aالكتاب العربي السعودي
_v 95
942 _2ddc
_cBOOK
_n0
949 _aSA-JeALM
_d250319
_uosman123
_n1
999 _c6516
_d6516